Mowing associated to chemical control for glyphosate-resistant cotton stalk destruction (Registro n. 9479)
[ somente texto ]
| 000 -LÍDER | |
|---|---|
| fixed length control field | 04305nab a2200385 i 4500 |
| 003 - CÓDIGO MARC DA AGÊNCIA CATALOGADORA | |
| Campo de controle | BR-BrBNA |
| 005 - DATA E HORA DA ÚLTIMA ATUALIZAÇÃO | |
| Campo de controle | 20230915104313.0 |
| 008 - CAMPO DE TAMANHO FIXO | |
| fixed length control field | 230627b2019 bl.ar|pooa||| 00| 0 eng | |
| 040 ## - FONTE DA CATALOGAÇÃO | |
| Agência catalogadora | BR-BrBNA |
| Idioma da catalogação | eng |
| 072 ## - CATEGORIA AGRIS | |
| Código AGRIS | H60 |
| Código do objeto | 0430 |
| 100 ## - ENTRADA PRINCIPAL - NOME PESSOAL | |
| Nome pessoal | Braz, G.B.P. |
| 100 ## - ENTRADA PRINCIPAL - NOME PESSOAL | |
| Nome pessoal | Andrade Junior, E.R. |
| 100 ## - ENTRADA PRINCIPAL - NOME PESSOAL | |
| Nome pessoal | Nicolai, M. |
| 100 ## - ENTRADA PRINCIPAL - NOME PESSOAL | |
| Nome pessoal | Lopes Ovejero, R.F. |
| 100 ## - ENTRADA PRINCIPAL - NOME PESSOAL | |
| Nome pessoal | Cavenaghi, A.L. |
| 100 ## - ENTRADA PRINCIPAL - NOME PESSOAL | |
| Nome pessoal | Oliveira Junior, R.S. |
| 100 ## - ENTRADA PRINCIPAL - NOME PESSOAL | |
| Nome pessoal | Christoffoleti, P.J. |
| 100 ## - ENTRADA PRINCIPAL - NOME PESSOAL | |
| Nome pessoal | Pereira, A.T.A. |
| 100 ## - ENTRADA PRINCIPAL - NOME PESSOAL | |
| Nome pessoal | Constantin, J. |
| 100 ## - ENTRADA PRINCIPAL - NOME PESSOAL | |
| Nome pessoal | Guimarães, S.C. |
| 245 ## - TÍTULO PRINCIPAL | |
| Título principal | Mowing associated to chemical control for glyphosate-resistant cotton stalk destruction |
| 500 ## - NOTA GERAL | |
| Nota geral | Publicação on-line; 19 ref.; 11 tables; 1 illus.; Summaries (En, Pt) |
| 942 ## - ADDED ENTRY ELEMENTS (KOHA) | |
| Koha item type | |
| 520 ## - NOTA DE RESUMO | |
| Nota de conteúdo | <br/><br/>ABSTRACT - Post-harvest cotton stalk control is mandatory in many cotton<br/>producing countries, and the major methods used for this practice are mechanical<br/>and chemical (glyphosate and 2,4-D as the most usual herbicides applied), or a<br/>combination of both. However, the adoption of glyphosate-resistant cotton varieties<br/>by growers have required the development of alternative chemical treatments. Six<br/>trials were conducted to evaluate systems combining mowing and chemical control<br/>of glyphosate-resistant cotton stalks. Experiments conducted in 2014 were installed<br/>in randomized complete block design with nineteen treatments and four replicates. In<br/>2015, the experiments were also conducted in randomized complete block design<br/>with eleven treatments and four replicates. Herbicide treatments were applied after<br/>cotton stalk mowing. Cotton stalk control varied according to rainfall regime after<br/>herbicide application. A single herbicide application to stub regrowth plants did not<br/>provide acceptable efficacy in cotton stalk destruction, independently of the treatment<br/>used. The best options for glyphosate-resistant cotton stalk control consisted of<br/>2,4-D application immediately after mowing, followed by sequential application of<br/>combinations of 2,4-D with flumiclorac, carfentrazone or imazethapyr.<br/><br/>Keywords: crop residues, fallow management, herbicides, transgenic plants.<br/> |
| 520 ## - NOTA DE RESUMO | |
| Nota de conteúdo | <br/><br/>RESUMO - O controle de soqueiras de algodoeiro é obrigatório em vários países<br/>produtores, e os métodos mais utilizados para essa prática são o controle mecânico<br/>e químico (glyphosate e 2,4-D são os herbicidas mais usualmente aplicados), ou a<br/>combinação de ambos. Apesar disso, a adoção de variedades de algodoeiro<br/>resistentes ao glyphosate pelos produtores tem requerido o desenvolvimento de<br/>tratamentos químicos alternativos. Seis experimentos foram conduzidos para<br/>avaliar sistemas associando roçada e controle químico de soqueiras de algodoeiro<br/>resistente ao glyphosate. Experimentos conduzidos em 2014 foram instalados no<br/>delineamento de blocos casualizados com dezenove tratamentos e quatro<br/>repetições. Em 2015, os experimentos também foram conduzidos no delineamento<br/>de blocos casualizados com onze tratamentos e quatro repetições. Os tratamentos<br/>herbicidas foram aplicados depois da roçada das soqueiras de algodoeiro. O<br/>controle variou em função do regime de precipitação depois da aplicação de<br/>herbicidas. A aplicação única de herbicidas em plantas rebrotadas não<br/>proporcionou eficácia aceitável na destruição de soqueiras de algodoeiro,<br/>independentemente do tratamento utilizado. As melhores opções para o controle<br/>de soqueiras de algodoeiro consistiram na aplicação de 2,4-D imediatamente<br/>após a roçada, seguido pela aplicação sequencial de associações de 2,4-D com<br/>flumiclorac, carfentrazone ou imazethapyr.<br/><br/>Palavras-chave: resíduos culturais, manejo entressafra, herbicidas, plantas<br/>transgênicas. |
| 650 ## - ASSUNTO - THESAGRO | |
| Cabeçalho tópico ou nome geográfico | RESÍDUO |
| 650 ## - ASSUNTO - THESAGRO | |
| Cabeçalho tópico ou nome geográfico | ALGODÃO |
| 650 ## - ASSUNTO - THESAGRO | |
| Cabeçalho tópico ou nome geográfico | PLANTA TRANSGÊNICA |
| 650 ## - ASSUNTO - THESAGRO | |
| Cabeçalho tópico ou nome geográfico | HERBICIDA |
| 650 ## - ASSUNTO - THESAGRO | |
| Cabeçalho tópico ou nome geográfico | CONTROLE MECÂNICO |
| 650 ## - ASSUNTO - THESAGRO | |
| Cabeçalho tópico ou nome geográfico | CONTROLE QUÍMICO |
| 773 0# - ENTRADA ANALÍTICA | |
| Host Biblionumber | 886 |
| Registro do item | 1816 |
| Imprenta | Londrina-PR : Sociedade Brasileira da Ciência das Plantas Daninhas, 1978 |
| Outro identificador | 2023-031023 |
| Título | Planta Daninha (Brazil) |
| ISSN | 0100-8358; 1806-9681 (on-line) |
| Colação | v. 37 p. 1-13; (2019) |
| Número de controle de registro | BR2023000460 |
| 856 ## - ACESSO E ENDEREÇO ELETRÔNICO | |
| Identificador uniforme de recurso - URI | https://www.scielo.br/j/pd/a/7nmsZGKVVWzQT4FdYgZCgYG/?format=pdf&lang=en |
Nenhum exemplar disponível.

BINAGRI